header

Nontechnical strategies to reduce children's exposure to inappropriate material on the internet (Record no. 162134)

MARC details
000 -LEADER
fixed length control field 01763nam a2200325Ia 4500
245 00 - TITLE STATEMENT
Title Nontechnical strategies to reduce children's exposure to inappropriate material on the internet
260 ## - PUBLICATION, DISTRIBUTION, ETC. (IMPRINT)
Place of publication Washington, D.C. :
Name of publisher National Academy Press,
Year of publication c2001.
300 ## - PHYSICAL DESCRIPTION
Number of Pages xi, 90 p.
490 1# - SERIES STATEMENT
Series statement The compass series
650 #0 - SUBJECT ADDED ENTRY--TOPICAL TERM
Topical Term Internet and children
Topical Term Internet
Topical Term Internet pornography
700 1# - ADDED ENTRY--PERSONAL NAME
Personal name Iannotta, Joah G.
856 40 - ELECTRONIC LOCATION AND ACCESS
Uniform Resource Identifier http://site.ebrary.com/lib/rucke/Doc?id=10038689

No items available.

© 2026 Rongo University
Contact us: librarian | system librarian | Rongo university